000 00712nam a2200253Ia 4500
003 OSt
005 20220918164551.0
006 a|||||r|||| 00| 0
007 ta
008 220917b |||||||| |||| 00| 0 eng d
020 _a0691005087 (pbk)
024 _a170,154
037 _cTextual
040 _aARTS
_cARTS
_beng
041 _2eng
_aeng
082 _aW6:5.49B, P0
100 _aBell Daniel A.
_919466
245 0 _aEast meets west
_b human rights and democracy in East Asia
260 _aPrinceton
_bPrinceton University Press
_c2000
300 _axii, 367p.
_ccm.
650 _aPOLITICAL SCIENCE
942 _hW6:5.49B, P0
_cTEXL
_2CC
999 _c125327
_d125327